Strategy Paper 18: (Record no. 4113)
[ view plain ]
| 000 -LEADER | |
|---|---|
| fixed length control field | 00820nam a22002177a 4500 |
| 001 - CONTROL NUMBER | |
| control field | 06789 |
| 003 - CONTROL NUMBER IDENTIFIER | |
| control field | HDC |
| 008 - FIXED-LENGTH DATA ELEMENTS--GENERAL INFORMATION | |
| fixed length control field | 210124b99999999my ||||| |||| 00| 0 eng d |
| 040 ## - CATALOGING SOURCE | |
| Original cataloging agency | HDC |
| 245 #0 - TITLE STATEMENT | |
| Title | Strategy Paper 18: |
| Remainder of title | Transforming Services Sector |
| Statement of responsibility, etc. | / Economic Planning Unit, |
| 260 ## - PUBLICATION, DISTRIBUTION, ETC. | |
| Place of publication, distribution, etc. | Malaysia: |
| Name of publisher, distributor, etc. | Economic Planning Unit, Prime Minister's Department, |
| Date of publication, distribution, etc. | [date of publication not identified] |
| 300 ## - PHYSICAL DESCRIPTION | |
| Extent | 1 online resource (82 pages) |
| 336 ## - CONTENT TYPE | |
| Content type term | text |
| Source | rdacontent |
| 337 ## - MEDIA TYPE | |
| Media type term | computer |
| Source | rdamedia |
| 338 ## - CARRIER TYPE | |
| Carrier type term | online resource |
| Source | rdacarrier |
| 651 ## - SUBJECT ADDED ENTRY--GEOGRAPHIC NAME | |
| Geographic name | Malaysia |
| General subdivision | Social policy |
| 9 (RLIN) | 7237 |
| 856 ## - ELECTRONIC LOCATION AND ACCESS | |
| Public note | Request full-text at [email protected] |
| 942 ## - ADDED ENTRY ELEMENTS (KOHA) | |
| Source of classification or shelving scheme | Library of Congress Classification |
| 942 ## - ADDED ENTRY ELEMENTS (KOHA) | |
| Koha item type | E-Book |
| 942 ## - ADDED ENTRY ELEMENTS (KOHA) | |
| Call number prefix | REPT 000108 |
| Withdrawn status | Lost status | Source of classification or shelving scheme | Damaged status | Not for loan | Home library | Current library | Shelving location | Date acquired | Total checkouts | Full call number | Date last seen | Price effective from | Koha item type |
|---|---|---|---|---|---|---|---|---|---|---|---|---|---|
| Library of Congress Classification | Halal Development Corporation Library | Halal Development Corporation Library | Open Shelves | 24/05/2023 | REPT 000108 | 24/05/2023 | 24/05/2023 | E-Book |
